00674cam a2200217 a 450000100100000000500170001000800410002702000150006804000200008304200140010308200180011710000260013524500780016126000330023930000210027249000440029358600270033765000220036465000260038683000440041200000807520200929154424.0920701s1986 sp 000 f spa d a8432055913 aDO-SdBNPdBNPHU alccopycat a863.64bM715n1 aMoix, Terenci,d1943-10aNo digas que fue un sueño :bMarco Antonio y Cleopatra /cTerenci Moix. aBarcelona :bPlaneta,c1986. a352 p. ;c19 cm.1 aAutores españoles e hispanoamericanos a"Premio Planeta 1986." 4aNovela española 4aLiteratura española 0aAutores españoles e hispanoamericanos